000 00892nam0a22002531 4500
001 rc\2593271
005 20230420180252.0
035 _a(NLR Aleph) 006757509
090 _a5809282
_c5809282
100 _a20110914d1929 |||y0rusy50 ca
101 0 _arus
102 _aRU
105 _aa z |||||
200 1 _aПод краснофлотской бескозыркой
_fГ. Тарпан
210 _aМосква
_aЛенинград
_cГос. изд-во. Отд. воен. литературы
_d1929
_eМосква
_gтип. "Красный пролетарий"
215 _a32 с.
_cил.
_d17х12 см.
225 1 _aСССР. Библиотека "На страже СССР"
700 1 _aТарпан
_bГ. А.
_gГеоргий Антонович
801 0 _aRU
_bNLR
_gpsbo
801 1 _aRU
_bELAR
_2rusmarc
852 _aNLR
_j85/786
942 _cBOOK
980 _aNB